|
|
|
|
| LEADER |
00853nam a2200217 a 4500 |
| 001 |
GR-Patra648 |
| 008 |
991022s1987 gr 000 0 gre d |
| 040 |
|
|
|a GrPaTEI
|b gre
|c GR-PaULI
|
| 245 |
0 |
0 |
|a Ελεύθερος κόσμος.
|
| 260 |
|
|
|a Αθήνα :
|b Κέδρος,
|c 1987
|
| 300 |
|
|
|a 95σ.
|
| 650 |
|
4 |
|a ΕΛΛΗΝΙΚΗ ΛΟΓΟΤΕΧΝΙΑ
|
| 650 |
|
4 |
|a ΕΛΛΗΝΙΚΗ ΛΟΓΟΤΕΧΝΙΑ
|
| 650 |
|
4 |
|a ΕΛΛΗΝΙΚΗ ΠΟΙΗΣΗ
|
| 650 |
|
4 |
|a Ελληνική ποίηση
|
| 700 |
1 |
|
|a Βάρναλης, Κώστας,
|d 1883-1974
|
| 710 |
0 |
|
|a Κέδρος
|
| 942 |
|
|
|2 ddc
|
| 952 |
|
|
|0 0
|1 0
|2 ddc
|4 0
|6 889_100000000000000_ΒΑΡ
|7 0
|9 281607
|a LISK
|b LISK
|c BSC
|d 2021-01-17
|e 24
|f 0
|g 0.00
|l 0
|o 889.1 ΒΑΡ
|p 9241001400
|r 2021-01-17 00:00:00
|t 1
|w 2021-01-17
|y BK15
|x 19991024 0 1
|x GrPaTEI
|
| 971 |
|
|
|a .b26481455
|b 16-04-20
|c 23-09-16
|
| 999 |
|
|
|c 163925
|d 163925
|